|
|
|
|
| LEADER |
00736cam a2200253 7i4500 |
| 001 |
0000037033 |
| 005 |
20230110090000.0 |
| 007 |
##ta |
| 008 |
230110s2007 e |
| 020 |
# |
# |
|a 9781408844441
|
| 040 |
# |
# |
|a MATR
|
| 090 |
0 |
# |
|a FI 823.914
|b HOS
|
| 100 |
1 |
# |
|a Hosseini, Khaled
|e author
|
| 245 |
1 |
0 |
|a A THOUSAND SPLENDID SUNS
|c Khaled Hosseini.
|
| 264 |
# |
1 |
|a New Delhi, India:
|b Bloomsbury Publishing Plc,
|c 2013.
|
| 300 |
# |
# |
|a 419 pages;
|c 20 cm.
|
| 336 |
# |
# |
|a text
|2 rdacontent
|
| 337 |
# |
# |
|a unmediated
|2 rdamedia
|
| 338 |
# |
# |
|a volume
|2 rdacarrier
|
| 650 |
# |
0 |
|a Families
|
| 650 |
# |
0 |
|a Loss (Psychology)
|
| 650 |
# |
0 |
|a Afghanistan
|
| 700 |
1 |
# |
|e author
|
| 999 |
|
|
|a 0000041847
|b Book
|c Book
|e Business Information Centre
|